[Event "Norrkoeping Easter op"]
[Site "Norrkoeping"]
[Date "2024.03.31"]
[Round "7"]
[White "Marjanovic, Dejan"]
[Black "Pantzar, Milton"]
[Result "1/2-1/2"]
[WhiteElo "2361"]
[BlackElo "2472"]
[PlyCount "28"]
[EventDate "2024.03.29"]
[EventType "swiss"]
[EventRounds "8"]
[EventCountry "SWE"]
[SourceTitle "CB14_2024"]
[SourceDate "2024.04.01"]
[SourceVersion "1"]
[SourceVersionDate "2024.04.01"]
[SourceQuality "1"]

1. e4 c6 2. d4 d5 3. Nd2 dxe4 4. Nxe4 Nf6 5. Nxf6+ exf6 6. c3 Bd6 7. Bd3 0-0 8. Qf3 Re8+ 9. Ne2 Nd7 10. 0-0 Nf8 11. Bf4 Ng6 12. Bxd6 Qxd6 13. Rfe1 Be6 14. Ng3 Rad8 1/2-1/2

[Event "Norrkoeping Easter op"]
[Site "Norrkoeping"]
[Date "2024.03.31"]
[Round "6"]
[White "Ostlund, Joar"]
[Black "Marjanovic, Dejan"]
[Result "1/2-1/2"]
[WhiteElo "2317"]
[BlackElo "2361"]
[PlyCount "101"]
[EventDate "2024.03.29"]
[EventType "swiss"]
[EventRounds "8"]
[EventCountry "SWE"]
[SourceTitle "CB14_2024"]
[SourceDate "2024.04.01"]
[SourceVersion "1"]
[SourceVersionDate "2024.04.01"]
[SourceQuality "1"]

1. d4 d5 2. c4 e6 3. Nc3 Nf6 4. cxd5 exd5 5. Bg5 Be7 6. e3 h6 7. Bh4 Bg4 8. Qc2 0-0 9. Bd3 c5 10. dxc5 Nc6 11. Nge2 d4 12. Nxd4 Nxd4 13. exd4 Qxd4 14. h3 Be6 15. Bg3 Rfd8 16. Rd1 Qxc5 17. 0-0 Rac8 18. Qa4 Qb4 19. Qc2 Bd6 20. Bxd6 Rxd6 21. Qe2 Rcd8 22. Rfe1 a6 23. a3 Qc5 24. Ne4 Nxe4 25. Bxe4 b5 26. b4 Qc3 27. Rxd6 Rxd6 28. Qe3 Qxe3 29. Rxe3 a5 30. Rd3 Rxd3 31. Bxd3 axb4 32. axb4 Bd7 33. f4 Kf8 34. Kf2 Ke7 35. Ke3 Kd6 36. Kd4 h5 37. h4 f5 38. Bc2 Be6 39. Bd1 g6 40. Be2 Bd7 41. g3 Bc6 42. Bd3 Bd7 43. Bf1 Bc6 44. Be2 Bd7 45. Bf3 Be6 46. Bb7 Bf7 47. Bc8 Be8 48. Bb7 Bf7 49. Bf3 Be6 50. Bd1 Bf7 51. Bc2 1/2-1/2

[Event "BIH-chT 21st"]
[Site "Sarajevo"]
[Date "2023.11.04"]
[Round "5.2"]
[White "Burovic, Rijad"]
[Black "Marjanovic, Dejan"]
[Result "1/2-1/2"]
[WhiteElo "2430"]
[BlackElo "2372"]
[PlyCount "200"]
[EventDate "2023.10.31"]
[EventType "team-tourn"]
[EventRounds "9"]
[EventCountry "BIH"]
[SourceTitle "Mega2024 Update 01"]
[Source "Chessbase"]
[SourceDate "2023.11.12"]
[SourceVersion "1"]
[SourceVersionDate "2023.11.12"]
[SourceQuality "1"]
[WhiteTeam "Sarajevo Napredak"]
[BlackTeam "Zenica Napredak"]
[WhiteTeamCountry "BIH"]
[BlackTeamCountry "BIH"]

1. e4 c5 2. Nf3 Nc6 3. d4 cxd4 4. Nxd4 d6 5. Bc4 e5 6. Ne2 Nf6 7. Nbc3 Be7 8. 0-0 0-0 9. f4 Be6 10. Bb3 Qb6+ 11. Kh1 Rad8 12. Ng3 Rfe8 13. f5 Bxb3 14. axb3 Nb4 15. Bg5 d5 16. Bxf6 dxe4 17. Qg4 Qxf6 18. Ncxe4 Qh4 19. Qe2 Nc6 20. c3 Qh6 21. Rf3 Bh4 22. Nf1 Qh5 23. Qc4 Be7 24. Ne3 Bh4 25. Raf1 Nd4 26. g4 Qh6 27. Rh3 b5 28. Qc7 Ne2 29. Ng2 Rc8 30. Qd6 Qxd6 31. Nxd6 Bg5 32. Nxe8 Rxe8 33. Re1 Nc1 34. Rf3 Nxb3 35. Rd3 e4 36. h4 Kf8 37. Rd5 Bd2 38. Re2 e3 39. Nf4 Re4 40. Nd3 a6 41. g5 Rxh4+ 42. Rh2 Rxh2+ 43. Kxh2 f6 44. gxf6 gxf6 45. Kg2 h5 46. Kf3 Kg7 47. Rd6 a5 48. Nf4 b4 49. cxb4 axb4 50. Nxh5+ Kh6 51. Nxf6 Kg5 52. Ng4 e2 53. Kxe2 Bf4 54. Rg6+ Kxf5 55. Rg8 Ke4 56. Nf2+ Kd5 57. Rg4 Bd6 58. Nd3 Nd4+ 59. Ke3 Nc2+ 60. Kd2 Nd4 61. Nf4+ Kc6 62. Kd3 Nf3 63. Ng6 Kb5 64. b3 Bc5 65. Rf4 Ng5 66. Ne5 Ne6 67. Rg4 Be7 68. Nf3 Bf6 69. Kc2 Bc3 70. Re4 Nc5 71. Nd4+ Kb6 72. Rh4 Bxd4 73. Rxd4 Kb5 74. Rh4 Ne6 75. Re4 Nc5 76. Re8 Nd7 77. Rd8 Nc5 78. Rb8+ Ka5 79. Kb2 Nd3+ 80. Kb1 Nc5 81. Kc2 Na6 82. Rh8 Kb5 83. Rh1 Nc5 84. Rb1 Kc6 85. Kd2 Kd6 86. Kc2 Kc6 87. Ra1 Kb7 88. Ra5 Kb6 89. Ra8 Kb7 90. Rh8 Kb6 91. Rb8+ Ka5 92. Rh8 Kb6 93. Rh3 Kc6 94. Kd2 Kd5 95. Rh5+ Kc6 96. Kc2 Kb6 97. Rh3 Kc6 98. Rf3 Kb6 99. Kd2 Kc6 100. Rh3 Kb6 1/2-1/2

[Event "Sarajevo Agent Locator Cup"]
[Site "Sarajevo"]
[Date "2022.12.30"]
[Round "9"]
[White "Nikolic, Predrag"]
[Black "Marjanovic, Dejan"]
[Result "0-1"]
[WhiteElo "2537"]
[BlackElo "2387"]
[PlyCount "110"]
[EventDate "2022.12.23"]
[EventType "tourn"]
[EventRounds "9"]
[EventCountry "BIH"]
[EventCategory "7"]
[SourceTitle "CBM 211 Extra"]
[Source "ChessBase"]
[SourceDate "2023.01.31"]
[SourceVersion "1"]
[SourceVersionDate "2023.01.31"]
[SourceQuality "1"]

1. d4 g6 2. Nf3 Bg7 3. c3 d6 4. Bf4 Nf6 5. h3 0-0 6. e3 c5 7. Nbd2 Nc6 8. Bc4 cxd4 9. cxd4 Bf5 10. 0-0 Rc8 11. Rc1 Qb6 12. Nb3 Nb4 13. Na1 Bd3 14. Bxd3 Rxc1 15. Qxc1 Nxd3 16. Qc2 Nxf4 17. exf4 Nd5 18. f5 Bf6 19. fxg6 hxg6 20. Nb3 Nb4 21. Qb1 Rc8 22. Rd1 a5 23. Rd2 Rc4 24. Re2 a4 25. Nbd2 Rc2 26. Ne1 Rc7 27. Ndf3 Bxd4 28. Qd1 Nc6 29. Nd3 Qb5 30. h4 Bf6 31. Rc2 Qd5 32. a3 e5 33. Rd2 Qb3 34. Qe1 Qc4 35. Nc1 e4 36. Ng5 d5 37. Ne2 Bxg5 38. hxg5 Re7 39. Qd1 Re5 40. Rc2 Qb3 41. Nc1 Qb6 42. Qg4 d4 43. Qf4 Qb5 44. Na2 d3 45. Rd2 Qc5 46. Nc3 Qd4 47. Kh2 Re6 48. Nd1 Ne7 49. Ne3 Qe5 50. Kg3 Nf5+ 51. Kg4 Nxe3+ 52. Qxe3 Qf5+ 53. Kh4 Kg7 54. Rd1 Qe5 55. f3 Qh2+ 0-1

[Event "Sarajevo Agent Locator Cup"]
[Site "Sarajevo"]
[Date "2022.12.29"]
[Round "8"]
[White "Marjanovic, Dejan"]
[Black "Runic, Zoran"]
[Result "0-1"]
[WhiteElo "2387"]
[BlackElo "2279"]
[PlyCount "106"]
[EventDate "2022.12.23"]
[EventType "tourn"]
[EventRounds "9"]
[EventCountry "BIH"]
[EventCategory "7"]
[SourceTitle "CBM 211 Extra"]
[Source "ChessBase"]
[SourceDate "2023.01.31"]
[SourceVersion "1"]
[SourceVersionDate "2023.01.31"]
[SourceQuality "1"]

1. d4 d6 2. Nf3 Nf6 3. g3 g6 4. Bg2 Bg7 5. 0-0 0-0 6. b3 a5 7. Bb2 a4 8. c4 c6 9. b4 Bf5 10. a3 d5 11. c5 Bxb1 12. Rxb1 Na6 13. Qc2 Nc7 14. Rbd1 Qc8 15. Nd2 Nb5 16. Nb1 Ne8 17. e3 Nec7 18. Rfe1 Re8 19. Bf1 e5 20. dxe5 Bxe5 21. Bxe5 Rxe5 22. Nc3 Nxc3 23. Qxc3 Re7 24. Rb1 Ne6 25. Qf6 Qd8 26. Rbd1 Rd7 27. Qe5 Ng5 28. Bg2 Qe7 29. Qb2 f5 30. Qc2 Ne4 31. Rd4 Rdd8 32. Bf1 Re8 33. Rc1 Ng5 34. Qd1 Ne6 35. Rd2 Qf6 36. Bd3 Red8 37. Qe2 Kg7 38. Kg2 Qe5 39. Re1 Re8 40. Qd1 Nf8 41. Qa1 Nd7 42. Qxe5+ Nxe5 43. Be2 Nd7 44. Rc1 Re7 45. Rd4 Kf6 46. Bd3 Nf8 47. b5 Ne6 48. Rb4 Ra5 49. Rcb1 Nxc5 50. Bc2 Ke5 51. bxc6 bxc6 52. Rb8 Raa7 53. R1b4 Na6 0-1

[Event "Sarajevo Agent Locator Cup"]
[Site "Sarajevo"]
[Date "2022.12.28"]
[Round "6"]
[White "Marjanovic, Dejan"]
[Black "Culum, Sanjin"]
[Result "0-1"]
[WhiteElo "2387"]
[BlackElo "2237"]
[PlyCount "68"]
[EventDate "2022.12.23"]
[EventType "tourn"]
[EventRounds "9"]
[EventCountry "BIH"]
[EventCategory "7"]
[SourceTitle "CBM 211 Extra"]
[Source "ChessBase"]
[SourceDate "2023.01.31"]
[SourceVersion "1"]
[SourceVersionDate "2023.01.31"]
[SourceQuality "1"]

1. e4 c5 2. Nf3 Nc6 3. Bc4 d6 4. 0-0 Nf6 5. d3 g6 6. c3 Bg7 7. h3 a6 8. a4 0-0 9. Re1 e5 10. Na3 d5 11. exd5 Nxd5 12. Bg5 Qd6 13. Ba2 Be6 14. Be3 Nxe3 15. Rxe3 Bxa2 16. Rxa2 Rad8 17. Ra1 Rfe8 18. Qe1 Bh6 19. Re2 Qxd3 20. Nxe5 Nxe5 21. Rxe5 Rxe5 22. Qxe5 Bf8 23. Qc7 Qd1+ 24. Rxd1 Rxd1+ 25. Kh2 Bd6+ 26. Qxd6 Rxd6 27. Nc4 Re6 28. Kg3 b5 29. axb5 axb5 30. Na3 b4 31. cxb4 cxb4 32. Nc2 b3 33. Nd4 Rd6 34. Nf3 Rd1 0-1

[Event "Sarajevo Agent Locator Cup"]
[Site "Sarajevo"]
[Date "2022.12.28"]
[Round "5"]
[White "Marjanovic, Dejan"]
[Black "Dizdarevic, Emir"]
[Result "0-1"]
[WhiteElo "2387"]
[BlackElo "2355"]
[PlyCount "78"]
[EventDate "2022.12.23"]
[EventType "tourn"]
[EventRounds "9"]
[EventCountry "BIH"]
[EventCategory "7"]
[SourceTitle "CBM 211 Extra"]
[Source "ChessBase"]
[SourceDate "2023.01.31"]
[SourceVersion "1"]
[SourceVersionDate "2023.01.31"]
[SourceQuality "1"]

1. e4 c6 2. Nf3 d5 3. Nc3 g6 4. d4 Bg7 5. h3 dxe4 6. Nxe4 Nf6 7. Nxf6+ exf6 8. Bd3 0-0 9. 0-0 Na6 10. c3 Nc7 11. Bf4 b6 12. Re1 Bb7 13. Bg3 Qd7 14. Qa4 Ne6 15. Rad1 Rfd8 16. Ba6 Qc8 17. Bxb7 Qxb7 18. Qb3 Rd7 19. Re3 Rad8 20. Red3 Nc5 21. dxc5 Rxd3 22. Rxd3 Rxd3 23. Nd4 Bf8 24. cxb6 Qxb6 25. Qxb6 axb6 26. Nxc6 Rd1+ 27. Kh2 Rd2 28. b4 Rc2 29. Nb8 Be7 30. Nc6 Kf8 31. Bc7 Rxc3 32. b5 Bc5 33. a4 Bxf2 34. g4 Ke8 35. Kg2 Bc5 36. Bd8 Ra3 37. a5 bxa5 38. b6 Rb3 39. b7 a4 0-1

[Event "SRB-chT 1st League CS"]
[Site "Banja Vrujci"]
[Date "2022.10.06"]
[Round "8.5"]
[White "Atakisi, Umut"]
[Black "Marjanovic, Dejan"]
[Result "1/2-1/2"]
[WhiteElo "2352"]
[BlackElo "2383"]
[PlyCount "37"]
[EventDate "2022.10.01"]
[EventType "team-tourn"]
[EventRounds "11"]
[EventCountry "SRB"]
[SourceTitle "CBM 210 Extra"]
[Source "ChessBase"]
[SourceDate "2022.11.30"]
[SourceVersion "1"]
[SourceVersionDate "2022.11.30"]
[SourceQuality "1"]
[WhiteTeam "Paracin OSK"]
[BlackTeam "Kostolac Rudar"]
[WhiteTeamCountry "SRB"]
[BlackTeamCountry "SRB"]

1. d4 d5 2. c4 dxc4 3. e3 e5 4. Bxc4 Nc6 5. Nf3 e4 6. Nfd2 Qg5 7. g3 Qg6 8. Nc3 Nf6 9. a3 a6 10. b4 Bd6 11. Qc2 Bf5 12. Nb3 0-0 13. Bb2 h5 14. h3 Qg5 15. 0-0-0 b5 16. Be2 h4 17. g4 Bg6 18. Nc5 Rfe8 19. Qb3 1/2-1/2

[Event "SRB-chT 1st League CS"]
[Site "Banja Vrujci"]
[Date "2022.10.04"]
[Round "5.2"]
[White "Ostojic, Nikola"]
[Black "Marjanovic, Dejan"]
[Result "0-1"]
[WhiteElo "2265"]
[BlackElo "2383"]
[PlyCount "78"]
[EventDate "2022.10.01"]
[EventType "team-tourn"]
[EventRounds "11"]
[EventCountry "SRB"]
[SourceTitle "CBM 210 Extra"]
[Source "ChessBase"]
[SourceDate "2022.11.30"]
[SourceVersion "1"]
[SourceVersionDate "2022.11.30"]
[SourceQuality "1"]
[WhiteTeam "Gornji Milanovac Metalac"]
[BlackTeam "Kostolac Rudar"]
[WhiteTeamCountry "SRB"]
[BlackTeamCountry "SRB"]

1. Nf3 d5 2. g3 Nf6 3. Bg2 e6 4. 0-0 Be7 5. c4 0-0 6. b3 b6 7. Bb2 Bb7 8. cxd5 exd5 9. d4 Nbd7 10. Nc3 a6 11. Rc1 Bd6 12. Rc2 Qe7 13. Qa1 Rfe8 14. Rfc1 Rad8 15. e3 Ne4 16. Nxe4 dxe4 17. Ne5 Nf6 18. Nc6 Bxc6 19. Rxc6 Nd5 20. a3 a5 21. Qb1 h5 22. Bf1 h4 23. Bc4 Qg5 24. Bxd5 Qxd5 25. Qc2 Re6 26. Qc4 Qf5 27. Qf1 Rg6 28. Qg2 Re8 29. b4 axb4 30. axb4 Ra8 31. d5 Ra2 32. Bd4 hxg3 33. hxg3 Bxg3 34. Rxg6 Bxf2+ 35. Kh1 fxg6 36. Ra1 Rxa1+ 37. Bxa1 Qh5+ 38. Qh2 Qd1+ 39. Kg2 Qf3+ 0-1

[Event "SRB-chT 1st League CS"]
[Site "Banja Vrujci"]
[Date "2022.10.02"]
[Round "2.3"]
[White "Marjanovic, Dejan"]
[Black "Tomic, Aleksandar1111"]
[Result "1/2-1/2"]
[WhiteElo "2383"]
[BlackElo "2352"]
[PlyCount "122"]
[EventDate "2022.10.01"]
[EventType "team-tourn"]
[EventRounds "11"]
[EventCountry "SRB"]
[SourceTitle "CBM 210 Extra"]
[Source "ChessBase"]
[SourceDate "2022.11.30"]
[SourceVersion "1"]
[SourceVersionDate "2022.11.30"]
[SourceQuality "1"]
[WhiteTeam "Kostolac Rudar"]
[BlackTeam "Jagodina Kablovi"]
[WhiteTeamCountry "SRB"]
[BlackTeamCountry "SRB"]

1. e4 e5 2. Nf3 Nf6 3. Nxe5 d6 4. Nf3 Nxe4 5. Nc3 Nf6 6. d4 d5 7. Bd3 Be7 8. Bg5 Bg4 9. h3 Bh5 10. Bxf6 Bxf6 11. Qe2+ Kf8 12. g4 Bg6 13. 0-0-0 Nc6 14. Bxg6 hxg6 15. Qb5 Qd6 16. Qxd5 Qf4+ 17. Kb1 Rd8 18. Ne2 Rxd5 19. Nxf4 Rd6 20. c3 g5 21. Nh5 Be7 22. Ng3 Rdh6 23. d5 Nb8 24. Ne4 Rxh3 25. Rxh3 Rxh3 26. Ne5 Ke8 27. Nc4 g6 28. d6 cxd6 29. Ncxd6+ Kf8 30. Nxb7 Rh4 31. f3 Rh3 32. Rf1 Nc6 33. b4 Ne5 34. Nd2 Rh2 35. Kc1 f5 36. gxf5 gxf5 37. Na5 Kg7 38. a4 Kg6 39. Nac4 Bf6 40. Ne3 Nd3+ 41. Kc2 Nf4 42. Re1 Rf2 43. a5 Ng2 44. Nxg2 Rxg2 45. Kd3 Rh2 46. Re6 Rh7 47. Nc4 g4 48. Ne5+ Kg7 49. fxg4 Rh3+ 50. Kc4 Re3 51. gxf5 Rxe5 52. Rxe5 Bxe5 53. b5 Kf6 54. Kd5 Bxc3 55. b6 a6 56. Kc6 Kxf5 57. b7 Be5 58. Kb6 Ke6 59. Kxa6 Kd7 60. Ka7 Kc6 61. a6 Kb5 1/2-1/2

[Event "BIH-chT 20th"]
[Site "Neum"]
[Date "2022.09.11"]
[Round "2.2"]
[White "Vlatkovic, Milos"]
[Black "Marjanovic, Dejan"]
[Result "0-1"]
[WhiteElo "2317"]
[BlackElo "2383"]
[PlyCount "66"]
[EventDate "2022.09.10"]
[EventType "team-tourn"]
[EventRounds "9"]
[EventCountry "BIH"]
[SourceTitle "CBM 210 Extra"]
[Source "ChessBase"]
[SourceDate "2022.11.30"]
[SourceVersion "1"]
[SourceVersionDate "2022.11.30"]
[SourceQuality "1"]
[WhiteTeam "Busovaca Hrasno"]
[BlackTeam "Siroki Brijeg"]
[WhiteTeamCountry "BIH"]
[BlackTeamCountry "BIH"]

1. d4 Nf6 2. Nf3 d5 3. c4 e6 4. g3 Bb4+ 5. Nc3 0-0 6. Bg2 dxc4 7. 0-0 Nc6 8. a3 Bxc3 9. bxc3 Rb8 10. Bg5 h6 11. Bxf6 Qxf6 12. Nd2 e5 13. d5 Na5 14. a4 Rd8 15. Qc2 c6 16. dxc6 bxc6 17. Rad1 Qe7 18. Nf3 Bg4 19. h3 Bxf3 20. Bxf3 g6 21. Rxd8+ Rxd8 22. Rd1 Rxd1+ 23. Qxd1 Kg7 24. Qd2 Qc5 25. Qd8 Nb3 26. Qa8 Nc1 27. Kf1 Qd6 28. Bxc6 Na2 29. e4 Nxc3 30. Kg2 Qf6 31. Bd5 Nd1 32. f3 c3 33. Qc8 Qb6 0-1

[Event "BIH-chT 20th"]
[Site "Neum"]
[Date "2022.09.10"]
[Round "1.3"]
[White "Marjanovic, Dejan"]
[Black "Ramoutar, Alan Safar"]
[Result "0-1"]
[WhiteElo "2383"]
[BlackElo "2449"]
[PlyCount "74"]
[EventDate "2022.09.10"]
[EventType "team-tourn"]
[EventRounds "9"]
[EventCountry "BIH"]
[SourceTitle "CBM 210 Extra"]
[Source "ChessBase"]
[SourceDate "2022.11.30"]
[SourceVersion "1"]
[SourceVersionDate "2022.11.30"]
[SourceQuality "1"]
[WhiteTeam "Siroki Brijeg"]
[BlackTeam "Pazaric Bjelasnica"]
[WhiteTeamCountry "BIH"]
[BlackTeamCountry "BIH"]

1. e4 c6 2. d3 d5 3. Nd2 e5 4. Ngf3 Bd6 5. d4 exd4 6. Bd3 Ne7 7. 0-0 0-0 8. e5 Bc7 9. Nb3 h6 10. Re1 Bg4 11. h3 Bh5 12. g4 Bg6 13. Nfxd4 Nd7 14. f4 Bxd3 15. cxd3 c5 16. Nf5 Nxf5 17. gxf5 Qh4 18. Kg2 c4 19. Nd4 Nxe5 20. Rxe5 Bxe5 21. Nf3 Qh5 22. fxe5 Qxf5 23. dxc4 dxc4 24. Qd4 Rfd8 25. Qg4 Qxg4+ 26. hxg4 Rd1 27. Nd2 Re8 28. Nf3 f6 29. Kf2 fxe5 30. Ke2 Rh1 31. Ne1 Rh2+ 32. Ke3 Rd8 33. b3 Rd1 34. Bb2 Rxa1 35. Bxa1 Rxa2 36. Bxe5 cxb3 37. Kd3 b2 0-1

[Event "BIH-chT 19th"]
[Site "Neum"]
[Date "2021.09.24"]
[Round "9.3"]
[White "Nikolic, Predrag"]
[Black "Marjanovic, Dejan"]
[Result "1-0"]
[WhiteElo "2558"]
[BlackElo "2389"]
[PlyCount "95"]
[EventDate "2021.09.17"]
[EventType "team-tourn"]
[EventRounds "9"]
[EventCountry "BIH"]
[SourceTitle "EXT 2023"]
[Source "ChessBase"]
[SourceDate "2022.10.05"]
[SourceVersion "1"]
[SourceVersionDate "2022.10.05"]
[SourceQuality "1"]
[WhiteTeam "Sarajevo Bosna"]
[BlackTeam "Siroki Brijeg"]
[WhiteTeamCountry "BIH"]
[BlackTeamCountry "BIH"]

1. d4 d6 2. e4 Nf6 3. f3 e5 4. d5 c6 5. c4 Qb6 6. Nc3 Bd7 7. Rb1 cxd5 8. cxd5 a5 9. Qb3 Qxb3 10. axb3 Na6 11. Be3 Be7 12. Ra1 Bd8 13. Kd2 Ke7 14. g4 Be8 15. Nge2 Nd7 16. Ng3 g6 17. h4 Ndc5 18. Ra3 Bb6 19. h5 Bd7 20. g5 Nb4 21. f4 exf4 22. Bxf4 Bc7 23. Be3 Bb6 24. Bc4 Rhc8 25. Raa1 a4 26. Bf4 Nxb3+ 27. Bxb3 axb3 28. Rxa8 Rxa8 29. e5 dxe5 30. Bxe5 Bf5 31. Rh4 Bc5 32. Nxf5+ gxf5 33. Rf4 Nxd5 34. Nxd5+ Ke6 35. Bf6 Kxd5 36. Rxf5+ Kc4 37. Rf4+ Kd5 38. Bg7 Rd8 39. Kc3 Be3 40. Rxf7 Ke6 41. Rf6+ Ke7 42. Rf5 Bd2+ 43. Kxb3 Ke6 44. Rb5 Rd7 45. Bf6 Bf4 46. Kc3 Bc1 47. Re5+ Kf7 48. Kc2 1-0

[Event "BIH-chT 19th"]
[Site "Neum"]
[Date "2021.09.21"]
[Round "6.3"]
[White "Marjanovic, Dejan"]
[Black "Buljubasic, Sabahudin"]
[Result "0-1"]
[WhiteElo "2389"]
[BlackElo "2311"]
[PlyCount "110"]
[EventDate "2021.09.17"]
[EventType "team-tourn"]
[EventRounds "9"]
[EventCountry "BIH"]
[SourceTitle "EXT 2023"]
[Source "ChessBase"]
[SourceDate "2022.10.05"]
[SourceVersion "1"]
[SourceVersionDate "2022.10.05"]
[SourceQuality "1"]
[WhiteTeam "Siroki Brijeg"]
[BlackTeam "Tuzla Sloboda"]
[WhiteTeamCountry "BIH"]
[BlackTeamCountry "BIH"]

1. d4 Nf6 2. c4 g6 3. Nf3 Bg7 4. g3 0-0 5. Bg2 d5 6. 0-0 dxc4 7. Na3 c3 8. bxc3 c5 9. Ne5 Nd5 10. Bd2 Nc6 11. Nac4 cxd4 12. Nxc6 bxc6 13. cxd4 Bxd4 14. Rc1 Bd7 15. Bh6 Bg7 16. Bxg7 Kxg7 17. Ne5 Rc8 18. Qa4 Qc7 19. Nxd7 Qxd7 20. Rfd1 Qb7 21. Qd4+ Nf6 22. Qc5 Rfd8 23. Rxd8 Rxd8 24. Bxc6 Qb2 25. Bf3 e5 26. a4 e4 27. Bg2 Rd5 28. Qc2 Qa3 29. Rb1 Rd4 30. e3 Qxa4 31. Qxa4 Rxa4 32. Bf1 Ng4 33. Be2 Ne5 34. Rb5 Kf6 35. Rd5 Ra2 36. Kf1 Ra4 37. Kg2 Ke6 38. Rd8 h5 39. h4 a5 40. Bd1 Ra1 41. Rd4 f5 42. Bb3+ Ke7 43. Rd5 Nf3 44. Bd1 Ne1+ 45. Kh2 Nd3 46. Be2 Nb4 47. Rd4 Ra2 48. Bb5 Rxf2+ 49. Kh3 Nc2 50. Rd7+ Ke6 51. Ra7 Nxe3 52. Rxa5 Ng4 53. Bc4+ Kd6 54. Ra6+ Kc5 55. Ra5+ Kd4 0-1

[Event "BIH-chT 19th"]
[Site "Neum"]
[Date "2021.09.17"]
[Round "1.3"]
[White "Marjanovic, Dejan"]
[Black "Muratovic, Efim"]
[Result "1-0"]
[WhiteElo "2389"]
[BlackElo "2349"]
[PlyCount "60"]
[EventDate "2021.09.17"]
[EventType "team-tourn"]
[EventRounds "9"]
[EventCountry "BIH"]
[SourceTitle "EXT 2023"]
[Source "ChessBase"]
[SourceDate "2022.10.05"]
[SourceVersion "1"]
[SourceVersionDate "2022.10.05"]
[SourceQuality "1"]
[WhiteTeam "Siroki Brijeg"]
[BlackTeam "Gorazde"]
[WhiteTeamCountry "BIH"]
[BlackTeamCountry "BIH"]

1. d4 d5 2. c4 e6 3. Nc3 Nf6 4. cxd5 exd5 5. Bg5 c6 6. e3 Bd6 7. Bd3 0-0 8. Qc2 h6 9. Bh4 Re8 10. Nf3 Nbd7 11. 0-0 Nf8 12. Rae1 Bg4 13. Nd2 g5 14. Bg3 Nh5 15. Bxd6 Qxd6 16. Nb3 Nf6 17. f3 Be6 18. Qf2 Kg7 19. h3 Re7 20. e4 Nh5 21. e5 Qb4 22. Ne2 Ng6 23. h4 Ngf4 24. Bb1 Rg8 25. Nxf4 gxf4 26. Qc2 Rh8 27. Rd1 Ng3 28. Rfe1 Bf5 29. Qc1 Bxb1 30. Qxb1 Rf8 1-0

[Event "Vojvodina-chT 2nd League"]
[Site "Backa Palanka"]
[Date "2020.10.21"]
[Round "8.1"]
[White "Marjanovic, Dejan"]
[Black "Stojanovic, Dalibor"]
[Result "1/2-1/2"]
[WhiteElo "2392"]
[BlackElo "2494"]
[PlyCount "26"]
[EventDate "2020.10.16"]
[EventType "team-tourn"]
[EventRounds "11"]
[EventCountry "SRB"]
[SourceTitle "EXT 2022"]
[Source "ChessBase"]
[SourceDate "2021.10.06"]
[SourceVersion "1"]
[SourceVersionDate "2021.10.06"]
[SourceQuality "1"]
[WhiteTeam "Opovo Bata Cosic"]
[BlackTeam "Pancevo Gligoric"]
[WhiteTeamCountry "SRB"]
[BlackTeamCountry "SRB"]

1. d4 Nf6 2. Nf3 g6 3. g3 Bg7 4. Bg2 0-0 5. 0-0 d6 6. b3 a5 7. Bb2 c6 8. c4 Bf5 9. Nc3 Ne4 10. Nh4 Nxc3 11. Bxc3 Bc8 12. Qd2 a4 13. e4 c5 1/2-1/2

[Event "Belgrade Vucicevic Memorial"]
[Site "Belgrade"]
[Date "2019.12.22"]
[Round "3"]
[White "Marjanovic, Dejan"]
[Black "Damljanovic, Branko"]
[Result "1-0"]
[WhiteElo "2392"]
[BlackElo "2484"]
[PlyCount "100"]
[EventDate "2019.12.22"]
[EventType "swiss (blitz)"]
[EventRounds "13"]
[EventCountry "SRB"]
[SourceTitle "CBM 194 Extra"]
[Source "ChessBase"]
[SourceDate "2020.03.31"]
[SourceVersion "1"]
[SourceVersionDate "2020.03.31"]
[SourceQuality "1"]

1. e4 c5 2. Nc3 e6 3. g3 Nc6 4. Bg2 g6 5. d3 Bg7 6. Nge2 Nge7 7. Be3 d6 8. Qd2 Nd4 9. 0-0-0 Qa5 10. Kb1 e5 11. Bh6 Bxh6 12. Qxh6 Be6 13. Rhe1 b5 14. Nxd4 cxd4 15. Nd5 Bxd5 16. exd5 Nf5 17. Qg5 0-0 18. Bh3 f6 19. Qc1 Ng7 20. f4 Rae8 21. a3 Qc7 22. Qd2 Qc5 23. Bg2 Nf5 24. Rc1 Ne3 25. c3 Nxg2 26. Qxg2 exf4 27. Re4 fxg3 28. Rxd4 gxh2 29. Qxh2 Re5 30. Rh1 Qc7 31. Rh4 h5 32. Qg2 Rg5 33. Qe4 Qf7 34. c4 Re8 35. Qd4 bxc4 36. dxc4 f5 37. Ka1 Re2 38. R4h2 Re4 39. Qc3 Qg7 40. Qb4 Qe5 41. Qb8+ Kg7 42. Qxa7+ Qe7 43. Qxe7+ Rxe7 44. Rd2 Rg4 45. Rc1 Rc7 46. b3 h4 47. c5 Rxc5 48. Rxc5 dxc5 49. Kb1 Rg1+ 50. Kb2 Rg2 1-0

[Event "Belgrade Vucicevic Memorial"]
[Site "Belgrade"]
[Date "2019.12.22"]
[Round "10"]
[White "Radlovacki, Jovan"]
[Black "Marjanovic, Dejan"]
[Result "1-0"]
[WhiteElo "2235"]
[BlackElo "2392"]
[PlyCount "93"]
[EventDate "2019.12.22"]
[EventType "swiss (blitz)"]
[EventRounds "13"]
[EventCountry "SRB"]
[SourceTitle "CBM 194 Extra"]
[Source "ChessBase"]
[SourceDate "2020.03.31"]
[SourceVersion "1"]
[SourceVersionDate "2020.03.31"]
[SourceQuality "1"]

1. e4 c5 2. Nf3 d6 3. d4 cxd4 4. Qxd4 Nc6 5. Bb5 Qd7 6. Qe3 a6 7. Ba4 b5 8. Bb3 Nf6 9. Nc3 e6 10. 0-0 Be7 11. Rd1 Qc7 12. h3 0-0 13. Qe2 Bb7 14. Bf4 Ne5 15. a3 Rfd8 16. Nd4 Rac8 17. Nxe6 fxe6 18. Bxe6+ Kh8 19. Bxc8 Qxc8 20. Nd5 Nxd5 21. exd5 Bf6 22. c3 Re8 23. Bg3 Qd7 24. a4 Nc4 25. Qc2 Qf7 26. axb5 axb5 27. Ra7 Ra8 28. Rxa8+ Bxa8 29. b3 Ne5 30. c4 bxc4 31. bxc4 Qc7 32. Qa4 Qc8 33. Rb1 h5 34. Qa7 Kh7 35. Rb8 Qxc4 36. Qxa8 Qc1+ 37. Kh2 h4 38. Rh8+ Kg6 39. Qe8+ Kf5 40. Bxh4 Qd2 41. Bg3 Qxd5 42. Qc8+ Kg6 43. Qe8+ Kf5 44. Rh5+ Ke4 45. Qa4+ Kd3 46. Qd1+ Kc4 47. Qxd5+ 1-0